Statistics for economics, accounting and business studies /

Bibliographic Details
Main Authors: Barrow, Michael (Author), Shabab, C Rashaad (Author)
Format: Book
Language:English
Published: Harlow, England : Pearson, 2024.
Edition:Eighth edition.
Subjects:
Related Items:Print version: Statistics for economics, accounting and business studies
Classic Catalogue: View this record in Classic Catalogue
LEADER 03707nam a22004218i 4500
001 45262
003 BD-DhAAL
005 20260127105434.0
008 260127t2024 enka b 001 0 eng
010 |a  2024004108 
020 |a 9781292458724 
020 |a 9781292726977 
035 |a 23543879 
040 |a DLC  |b eng  |c DLC  |e rda  |d BD-DhAAL 
042 |a pcc 
050 0 0 |a HB137 
082 0 0 |a 519.502433  |2 23 
100 1 |a Barrow, Michael,  |e author.  |9 10937 
245 1 0 |a Statistics for economics, accounting and business studies /  |c Michael Barrow, C Rashaad Shabab. 
250 |a Eighth edition. 
260 |a Harlow, England :  |b Pearson,  |c 2024. 
300 |a xviii, 506 pages :   |b illustrations ;  |c 24 cm.  
500 |a Revised edition of the author's Statistics for economics, accounting and business studies, 2017. 
504 |a Includes bibliographical references and index. 
526 8 |a ESS  |x Wasiqur Rahman Khan, PhD Professor and Chairperson Department of Economics and Social Sciences Course Name and No. : Statistical Methods for Business and Economics (ECO202) 
541 |a Book Finder International  |e 45262 
650 0 |a Economics  |x Statistical methods. 
650 0 |a Commercial statistics. 
650 0 |a Economics. 
700 1 |a Shabab, C Rashaad,  |e author.  |9 60197 
776 0 8 |i Print version:  |a Barrow, Michael.  |t Statistics for economics, accounting and business studies  |b Eighth edition.  |d New York : Pearson, 2024  |z 9781292726977  |w (DLC) 2024004107 
942 |2 ddc  |c BK 
999 |c 47711  |d 47711 
952 |0 0  |1 0  |2 ddc  |4 0  |6 519_502433000000000_BAR  |7 0  |9 78684  |a BRACUL  |b BRACUL  |c GEN  |d 2026-01-14  |e Book Finder International   |g 7065.00  |l 0  |o 519.502433 BAR  |p 3010045265  |r 2026-01-14  |t 4  |v 14130.00  |w 2026-01-14  |y BK  |x Requisitioned by Wasiqur Rahman Khan (Professor and Chairperson, Department of Economics and Social Sciences, BRAC University) for the course named - Statistical Methods for Business and Economics (ECO202) 
952 |0 0  |1 0  |2 ddc  |4 0  |6 519_502433000000000_BAR  |7 0  |9 78685  |a BRACUL  |b BRACUL  |c GEN  |d 2026-01-14  |e Book Finder International   |g 7065.00  |l 0  |o 519.502433 BAR  |p 3010045264  |r 2026-01-14  |t 3  |v 14130.00  |w 2026-01-14  |y BK  |x Requisitioned by Wasiqur Rahman Khan (Professor and Chairperson, Department of Economics and Social Sciences, BRAC University) for the course named - Statistical Methods for Business and Economics (ECO202) 
952 |0 0  |1 0  |2 ddc  |4 0  |6 519_502433000000000_BAR  |7 0  |9 78686  |a BRACUL  |b BRACUL  |c GEN  |d 2026-01-14  |e Book Finder International   |g 7065.00  |l 0  |o 519.502433 BAR  |p 3010045266  |r 2026-01-14  |t 5  |v 14130.00  |w 2026-01-14  |y BK  |x Requisitioned by Wasiqur Rahman Khan (Professor and Chairperson, Department of Economics and Social Sciences, BRAC University) for the course named - Statistical Methods for Business and Economics (ECO202) 
952 |0 0  |1 0  |2 ddc  |4 0  |6 519_502433000000000_BAR  |7 0  |9 78687  |a BRACUL  |b BRACUL  |c CIR  |d 2026-01-14  |e Book Finder International   |g 7065.00  |l 0  |o 519.502433 BAR  |p 3010045262  |r 2026-01-14  |t 1  |v 14130.00  |w 2026-01-14  |y 1HOUR  |x Requisitioned by Wasiqur Rahman Khan (Professor and Chairperson, Department of Economics and Social Sciences, BRAC University) for the course named - Statistical Methods for Business and Economics (ECO202); As instructed by the University Librarian, the book has been placed on a one-hour loan period following the receipt of five copies.) 
952 |0 0  |1 0  |2 ddc  |4 0  |6 519_502433000000000_BAR  |7 0  |9 78688  |a BRACUL  |b BRACUL  |c NEW  |d 2026-01-14  |e Book Finder International   |g 7065.00  |l 0  |o 519.502433 BAR  |p 3010045263  |r 2026-01-14  |t 2  |v 14130.00  |w 2026-01-14  |y BK  |x Requisitioned by Wasiqur Rahman Khan (Professor and Chairperson, Department of Economics and Social Sciences, BRAC University) for the course named - Statistical Methods for Business and Economics (ECO202)